000 01978cam a2200169 4500500
005 20260208003230.0
041 _afre
042 _adc
100 1 0 _aPollet, Gilles
_eauthor
245 0 0 _aUne sécurité libérale ? La politique des retraites aux États-Unis, Daniel Béland, LGDJ, collection « Droit et Société », série sociologie, 2001, Paris, 239 pages
260 _c2003.
500 _a93
520 _aRésuméLa politique de santé contemporaine se caractérise, en France comme dans la plupart des pays européens, par une recomposition en réseaux régionalisée du système de santé. Cette orientation s’accompagne nécessairement d’une déconcentration du financement dont la gestion est désormais confiée pour partie à des instances régionales. Cet article propose une analyse compréhensive du Fonds d’aide à la qualité des soins de ville, mobilisé à cette fin à partir de 1999 par les unions régionales des caisses d’assurance maladie. Il s’inscrit dans le contexte de la réalité des réseaux et se réfère, en arrière plan, à la théorie des réseaux et de la coordination, appliquée au système de santé.
520 _aCurrent health policy, in France as in most other European countries, is characterised by regionalisation of the health care system. This implies a financial shift towards regional bodies. This article offers a comprehensive assessement of the Fonds d’aide à la qualité des soins de ville (Support Fund for Out-Patient Care Quality), which was established for this purpose in 1999 by the Regional Unions of the Health Insurance Bodies. The article takes account of the reality of networks, and is based on network and coordination theory applied to the health system.
786 0 _nRevue française des affaires sociales | - | 1 | 2003-03-01 | p. 345a-348a | 0035-2985
856 4 1 _uhttps://shs.cairn.info/revue-francaise-des-affaires-sociales-2003-1-page-345a?lang=fr&redirect-ssocas=7080
999 _c1647386
_d1647386